Africa: Population % with HIV Quiz Stats

 Plays Quiz not verified by Sporcle

Challenge
Share
Tweet
Embed
Score 0/38 Timer 10:00
0 Plays Today
% of Population with HIV Country % Correct
21.5%South Africa
94.9%
1.2%Niger
93.1%
5.4%Nigeria
90.8%
6.7%Kenya
89.9%
24.6%Zimbabwe
87.6%
28.9%Lesotho
87.1%
38.8%Swaziland
86.6%
16.5%Zambia
86.6%
5.1%Rwanda
85.7%
4.2%Democratic Republic of the Congo
84.8%
4.1%Uganda
83.9%
37.3%Botswana
83.4%
1.7%Madagascar
82.9%
3.9%Angola
82%
12.2%Mozambique
81.6%
4.4%Ethiopia
81.1%
3.1%Ghana
81.1%
1.9%Mali
80.6%
3.2%Guinea
79.7%
% of Population with HIV Country % Correct
8.8%Tanzania
79.3%
7.0%Ivory Coast
79.3%
13.5%Central African Republic
78.8%
4.9%Republic of the Congo
78.3%
6.9%Cameroon
77.9%
6.0%Burundi
76%
4.1%Togo
76%
14.2%Malawi
74.2%
5.9%Liberia
74.2%
2.7%Eritrea
73.7%
21.3%Namibia
71.9%
1.9%Benin
71.9%
1.2%Gambia
71.9%
8.1%Gabon
71.4%
0.8%Senegal
71%
2.9%Djibouti
70.5%
4.2%Burkina Faso
69.1%
0.6%Mauritania
69.1%
4.8%Chad
67.7%

You're not logged in!

Compare scores with friends on all Sporcle quizzes.
OR
Log In

You Might Also Like...

Show Comments

Extras

Top Quizzes Today


Score Distribution

Your Account Isn't Verified!

In order to create a playlist on Sporcle, you need to verify the email address you used during registration. Go to your Sporcle Settings to finish the process.

Report this User

Report this user for behavior that violates our Community Guidelines.

Details: